<?xml version="1.0" encoding="UTF-8"?>
<collection xmlns="http://www.loc.gov/MARC21/slim">
<record>
  <controlfield tag="001">155822</controlfield>
  <controlfield tag="005">20250516093837.0</controlfield>
  <datafield tag="037" ind1=" " ind2=" ">
    <subfield code="a">TAZ-TFG-2022-730</subfield>
  </datafield>
  <datafield tag="041" ind1=" " ind2=" ">
    <subfield code="a">spa</subfield>
  </datafield>
  <datafield tag="100" ind1="1" ind2=" ">
    <subfield code="a">Lázaro Magdalena, María</subfield>
  </datafield>
  <datafield tag="242" ind1="0" ind2="0">
    <subfield code="a">Intervention program with burnout health professionals during COVID-19.</subfield>
  </datafield>
  <datafield tag="245" ind1="0" ind2="0">
    <subfield code="a">Programa de intervención en sanitarios españoles con síndrome de burnout durante la COVID-19 (PISEB)</subfield>
  </datafield>
  <datafield tag="260" ind1=" " ind2=" ">
    <subfield code="a">Zaragoza</subfield>
    <subfield code="b">Universidad de Zaragoza</subfield>
    <subfield code="c">2022</subfield>
  </datafield>
  <datafield tag="506" ind1=" " ind2=" ">
    <subfield code="a">by-nc-sa</subfield>
    <subfield code="b">Creative Commons</subfield>
    <subfield code="c">3.0</subfield>
    <subfield code="u">http://creativecommons.org/licenses/by-nc-sa/3.0/</subfield>
  </datafield>
  <datafield tag="520" ind1=" " ind2=" ">
    <subfield code="a">El síndrome de burnout es un fenómeno relevante, multicausal y complejo caracterizado por la despersonalización, el agotamiento emocional, y la falta de realización personal, que surge como resultado del estrés laboral crónico. El síndrome de burnout muestra una gran prevalencia en los sanitarios, habiéndose intensificado debido a la pandemia de la COVID-19. El programa que se detalla a continuación, diseñado con el objetivo de reducir la sintomatología de aquellos sanitarios en riesgo de padecer burnout, se basa en la terapia cognitivo-conductual y las técnicas de relajación, y procura, de manera específica, dotar de conocimientos a los sanitarios sobre qué es el burnout, cuáles son sus síntomas, consecuencias, factores de riesgo y de protección, qué relación tiene con la COVID-19 y cómo puede llegar a afectar a la salud mental. Con esto, se intenta mejorar la autorregulación cognitiva, las relaciones entre compañeros, la asertividad, la toma de decisiones, y la comunicación entre los mismos, dotando de herramientas a los participantes para que, a corto plazo, logren reducir el estrés y, a largo plazo, puedan prevenir situaciones similares.&lt;br />	El síndrome de burnout es un fenómeno relevante, multicausal y complejo caracterizado por la despersonalización, el agotamiento emocional, y la falta de realización personal, que surge como resultado del estrés laboral crónico. El síndrome de burnout muestra una gran prevalencia en los sanitarios, habiéndose intensificado debido a la pandemia de la COVID-19. El programa que se detalla a continuación, diseñado con el objetivo de reducir la sintomatología de aquellos sanitarios en riesgo de padecer burnout, se basa en la terapia cognitivo-conductual y las técnicas de relajación, y procura, de manera específica, dotar de conocimientos a los sanitarios sobre qué es el burnout, cuáles son sus síntomas, consecuencias, factores de riesgo y de protección, qué relación tiene con la COVID-19 y cómo puede llegar a afectar a la salud mental. Con esto, se intenta mejorar la autorregulación cognitiva, las relaciones entre compañeros, la asertividad, la toma de decisiones, y la comunicación entre los mismos, dotando de herramientas a los participantes para que, a corto plazo, logren reducir el estrés y, a largo plazo, puedan prevenir situaciones similares.&lt;br />	El síndrome de burnout es un fenómeno relevante, multicausal y complejo caracterizado por la despersonalización, el agotamiento emocional, y la falta de realización personal, que surge como resultado del estrés laboral crónico. El síndrome de burnout muestra una gran prevalencia en los sanitarios, habiéndose intensificado debido a la pandemia de la COVID-19. El programa que se detalla a continuación, diseñado con el objetivo de reducir la sintomatología de aquellos sanitarios en riesgo de padecer burnout, se basa en la terapia cognitivo-conductual y las técnicas de relajación, y procura, de manera específica, dotar de conocimientos a los sanitarios sobre qué es el burnout, cuáles son sus síntomas, consecuencias, factores de riesgo y de protección, qué relación tiene con la COVID-19 y cómo puede llegar a afectar a la salud mental. Con esto, se intenta mejorar la autorregulación cognitiva, las relaciones entre compañeros, la asertividad, la toma de decisiones, y la comunicación entre los mismos, dotando de herramientas a los participantes para que, a corto plazo, logren reducir el estrés y, a largo plazo, puedan prevenir situaciones similares.&lt;br />&lt;br /></subfield>
  </datafield>
  <datafield tag="521" ind1=" " ind2=" ">
    <subfield code="a">Graduado en Psicología</subfield>
  </datafield>
  <datafield tag="540" ind1=" " ind2=" ">
    <subfield code="a">Derechos regulados por licencia Creative Commons</subfield>
  </datafield>
  <datafield tag="700" ind1=" " ind2=" ">
    <subfield code="a">Martín Hernández, Pilar</subfield>
    <subfield code="e">dir.</subfield>
  </datafield>
  <datafield tag="710" ind1="2" ind2=" ">
    <subfield code="a">Universidad de Zaragoza</subfield>
    <subfield code="b">Psicología y Sociología</subfield>
    <subfield code="c">Psicología Social</subfield>
  </datafield>
  <datafield tag="856" ind1="0" ind2=" ">
    <subfield code="f">737808@unizar.es</subfield>
  </datafield>
  <datafield tag="856" ind1="4" ind2=" ">
    <subfield code="s">375371</subfield>
    <subfield code="u">http://zaguan.unizar.es/record/155822/files/TAZ-TFG-2022-730_ANE.pdf</subfield>
    <subfield code="y">Anexos (spa)</subfield>
  </datafield>
  <datafield tag="856" ind1="4" ind2=" ">
    <subfield code="s">608649</subfield>
    <subfield code="u">http://zaguan.unizar.es/record/155822/files/TAZ-TFG-2022-730.pdf</subfield>
    <subfield code="y">Memoria (spa)</subfield>
  </datafield>
  <datafield tag="909" ind1="C" ind2="O">
    <subfield code="o">oai:zaguan.unizar.es:155822</subfield>
    <subfield code="p">driver</subfield>
    <subfield code="p">trabajos-fin-grado</subfield>
  </datafield>
  <datafield tag="950" ind1=" " ind2=" ">
    <subfield code="a"></subfield>
  </datafield>
  <datafield tag="980" ind1=" " ind2=" ">
    <subfield code="a">TAZ</subfield>
    <subfield code="b">TFG</subfield>
    <subfield code="c">FCSH</subfield>
  </datafield>
  <datafield tag="999" ind1=" " ind2=" ">
    <subfield code="a">20220520155205.CREATION_DATE</subfield>
  </datafield>
  <datafield tag="951" ind1=" " ind2=" ">
    <subfield code="a">deposita:2025-05-16</subfield>
  </datafield>
</record>
</collection>